书目信息 |
| 题名: |
伪“满洲国”始末
|
|
| 作者: | 张田实 改编 | |
| 分册: | ||
| 出版信息: | 南昌 江西人民出版社 1985 |
|
| 页数: | 118页 | |
| 开本: | 19cm | |
| 丛书名: | 历史知识丛书 | |
| 单 册: | ||
| 中图分类: | K265.61 | |
| 科图分类: | ||
| 主题词: | 满洲国(1932) | |
| 电子资源: | ||
| ISBN: | ||
| 000 | 00706nam2 2200265 45 | |
| 001 | 0185008934 | |
| 005 | 20040517171616.0 | |
| 010 | @dCNY0.60 | |
| 091 | @a11110.24 | |
| 100 | @a19901005d1985 em y0chiy0121 ea | |
| 101 | 0 | @achi |
| 102 | @aCN@b360000 | |
| 105 | @ay z 000yd | |
| 106 | @ar | |
| 200 | 10 | @a伪“满洲国”始末@Awei “ man zhou guo ” shi mo@f张田实改编 |
| 210 | @a南昌@c江西人民出版社@d1985 | |
| 215 | @a118页@d19cm | |
| 225 | 2 | @a历史知识丛书 |
| 410 | 0 | @120010@a历史知识丛书 |
| 606 | @a满洲国(1932) | |
| 690 | @aK265.61@v3 | |
| 701 | 0 | @a张田实@Azhang tian shi@4改编 |
| 801 | 0 | @aCN@b深圳图书馆@c20040517 |
| 801 | 2 | @aCN@bNLC@c20040517 |
| 905 | @f2@b169379-380@dK265.61@e28 | |
| 伪“满洲国”始末/张田实改编.-南昌:江西人民出版社,1985 |
| 118页;19cm.-(历史知识丛书) |
| ISBN :CNY0.60 |
| ● |
| 相关链接 |
|
|
|
|
正题名:伪"满洲国"始末
索取号:K265.61/28
 
预约/预借
| 序号 | 登录号 | 条形码 | 馆藏地/架位号 | 状态 | 备注 |
| 1 | 0169379 | 001693983 | 密集书库/ [索取号:K265.61/28] | 在馆 | |
| 2 | 0169380 | 000354949 | 第二借阅区/ [索取号:K265.61/28] | 在馆 | |
| 3 | 0169381 | 000354930 | 第二样本阅览室/ [索取号:K265.61/28] | 在馆 |